01780nam a2200385Ia 4500001001200000003000800012006001900020007001500039008004100054010001700095020001500112020001800127020001800145040002100163035002100184050002400205082002400229111009600253245023100349260006300580300003100643504005100674533015200725650004800877650005200925650005200977650005201029650005701081655002901138700002601167710001701193710004101210856012601251999001701377ebr10556334CaPaEBRm u cr cn|||||||||080623s2008 vauab sb 101 0 eng d z 2008028166 z0784409900 z9780784409909 z9780784472453 aCaPaEBRcCaPaEBR a(OCoLC)31970899614aGC96.5b.I55 2007eb04a551.46/180151182222 aInternational Conference on Estuarine and Coastal Modelingn(10th :d2007 :cNewport, R.I.)10aEstuarine and coastal modelingh[electronic resource] :bproceedings of the tenth international conference, November 5-7, 2007, Newport, Rhode Island /csponsored by University of Rhode Island ; edited by Malcolm L. Spaulding. aReston, Va :bAmerican Society of Civil Engineers,cc2008. aix, 1057 p. :bill., maps. aIncludes bibliographical references and index. aElectronic reproduction.bPalo Alto, Calif. :cebrary,d2011.nAvailable via World Wide Web.nAccess may be limited to ebrary affiliated libraries. 0aEstuariesxMathematical modelsvCongresses. 0aCoast changesxMathematical modelsvCongresses. 0aHydrodynamicsxMathematical modelsvCongresses. 0aWater qualityxMathematical modelsvCongresses. 0aSediment transportxMathematical modelsvCongresses. 7aElectronic books.2local1 aSpaulding, Malcolm L.2 aebrary, Inc.2 aAmerican Society of Civil Engineers.40uhttp://site.ebrary.com/lib/rucke/Doc?id=10556334zAn electronic book accessible through the World Wide Web; click to view c89712d89712